La nourriture dans les titres de films - Statistiques

Statistiques générales
  • Ce quiz a été pris 324 fois
    300 depuis la dernière actualisation
  • Le résultat moyen est 7 sur 14
Statistiques - réponses
Par images Réponse % Correct
Ratatouille
99%
La Soupe aux choux
88%
L'Aile ou la Cuisse
77%
Chicken Run : La Menace nuggets
74%
Chocolat
71%
Orange Mécanique
57%
Tempête de boulettes géantes
53%
Ma vie de courgette
41%
Steak
24%
L'Opération Corned Beef
19%
Tintin et les Oranges Bleues
19%
Les Raisins de la colère
13%
Opération Casse-Noisette
11%
Les Démons du maïs
5%
Aucun quiz correspondant
Distribution des résultats
% des personnes avec chaque résultat
Percentile par nombre de réponses
Votre historique - résultats
Vous n’avez pas pris ce quiz depuis la dernière actualisation